| 000 | 01341nac a22003131u 4500 | ||
|---|---|---|---|
| 010 | _a 2003279702 | ||
| 020 | _a0471220833 | ||
| 035 | _a(OCoLC)ocm52250877 | ||
| 082 | 0 | 4 |
_a658.15 _bHIT. |
| 090 |
_c5245 _d5245 |
||
| 100 | _aHitchner, James R. | ||
| 245 | 1 | 0 |
_aFinancial valuation workbook : _bstep-by-step exercises to help you master financial valuation / _cJames R. Hitchner and Michael J. Mard. |
| 260 |
_aHoboken, N.J. : _bJ. Wiley & Sons, _cc2003. |
||
| 300 |
_aviii, 231 p. : _bill. ; _c26 cm. |
||
| 490 | 1 | _aWiley finance | |
| 500 | _aDistributer :Al Ahram. | ||
| 504 | _aIncludes bibliographical references and index. | ||
| 511 | _aCatalogued By :Mahitab. | ||
| 650 | 0 |
_aCorporations _xValuation. |
|
| 650 | 0 |
_aCorporations _xValuation _vHandbooks, manuals, etc. |
|
| 650 | 0 |
_aBusiness enterprises _xValuation. |
|
| 650 | 0 |
_aBusiness enterprises _xValuation _vHandbooks, manuals, etc. |
|
| 700 | 1 | _aMard, Michael J. | |
| 830 | 0 | _aWiley finance series. | |
| 856 | 4 | 2 |
_3Contributor biographical information _uhttp://www.loc.gov/catdir/bios/wiley046/2003279702.html |
| 856 | 4 | 2 |
_3Publisher description _uhttp://www.loc.gov/catdir/description/wiley041/2003279702.html |
| 856 | 4 | 2 |
_3Table of contents _uhttp://www.loc.gov/catdir/toc/wiley041/2003279702.html |
| 942 |
_cBB _k658.15HIT. |
||
| 999 |
_c5245 _d5245 |
||